000 00581nam a22001937a 4500
005 20251108173108.0
008 250721s2001 xx 000 0 ara d
082 1 4 _a870.8/ كال
100 1 _aكاليانو، إدواردو
245 1 0 _aذاكرة النار :قرن الريح /
264 1 _aدمشق :
_bدار الطليعة الجديدة،
_c2001.
300 _aج3.
650 1 7 _aالأدب
650 1 7 _aالمنوعات
650 1 7 _aتاريخ امريكا اللاتينية
700 1 _aاسبر، أسامة
_etran.
942 _2ddc
_cBK
999 _c95952
_d95952